000 00535nam a2200205Ia 4500
005 20250923150023.0
008 008 250917s9999 xx 000 0 eng d
037 _aTextual
040 _aDSWL
_beng
_cDSWL
041 _aeng
_2eng
084 _aY:f, N99
_qDSWL
100 _aBlaxter, L.
_9841373
245 0 _aHow to research
_c by L. Blaxter
260 _aNew Delhi
_b Viva Books
_c1999
300 _a13263 p.
365 _aINR
_b195.00
925 _g195.00
942 _cTEXL
_hY:f, N99
999 _c1458609
_d1458609